000 01371nab a2200253 i 4500
001 768714001
003 CO-MdFUSB
005 20240510142756.0
008 240510t1970 sp ||||| |||| 00| 0 spa d
040 _bspa
_cCO-MdFUSB
_dCO-MdFUSB
041 _aspa
100 _aHasenhüttl, Gotthold,
_eautor
245 _aAspectos confesionales en la teología de hoy
_c/ Gotthold Hasenhüttl, [y otros tres autores]
520 _aTodos conocemos la célebre forma de argumentar según la cual las diferencias deben ser reunidas a partir de su raíz más profunda. Es cierto que nos diferenciamos en la consideración de los sacramentos, pero en el fondo esto depende de la comprensión de la Iglesia. Aspectos confesionales en la teología de hoy. En el problema de Dios, 95. En el problema de Cristo, 104. Las iglesias y el mundo, 114. Momentos de la confesión en la liturgia, 125.
650 0 _a Ecumenismo
_xHistoria
_91146
650 7 _aIglesia
_9655
653 _aEra posecumenica
700 _aGrass, Hans,
_eautor
700 _aHeuvel, Albert van den,
_eautor
700 _aLescrauwaet, Josephus Franciscus,
_eautor
773 0 _049450
_982617
_oR2544
_tRevista internacional de teología Concilium
_w(CO-MdFUSB)8
_x0210-1041
_gNúmero 54, (abril, 1970), páginas: 95 - 132
_qpágina: 95
942 _cANA
945 _aCatherine Arias Alvarez - Practicante SENA
999 _c69672
_d69672